书目信息 |
| 题名: |
3ds max 9+photoshop cs2 夜景效果图经典案例解析
|
|
| 作者: | 吴蓉 , 袁紊玉 著 | |
| 分册: | ||
| 出版信息: | 北京 电子工业出版社 2007.7 |
|
| 页数: | 322页 | |
| 开本: | 24cm | |
| 丛书名: | ||
| 单 册: | ||
| 中图分类: | TU201.4 | |
| 科图分类: | ||
| 主题词: | 建筑设计 | |
| 电子资源: | ||
| ISBN: | 978-7-121-04601-8 | |
| 000 | 00832 nam 000265 | |
| 001 | 0100018003 | |
| 005 | 20091215105826.00 | |
| 010 | @a978-7-121-04601-8@dCNY39.00 | |
| 100 | @a20020103d2008 em y0chiy0121 ea | |
| 101 | @achi | |
| 102 | @aCN@b110000 | |
| 105 | @ay z 000yy | |
| 106 | @ar | |
| 200 | 10 | @a3ds max 9+photoshop cs2 夜景效果图经典案例解析@93ds max 9+photoshop cs2 ye jing xiao guo tu jing dian an li jie xi@f袁紊玉等著@Fyuan wen yu deng zhu |
| 210 | @a北京@c电子工业出版社@d2007.7 | |
| 215 | @a322页@d24cm | |
| 307 | @aISBN978-7-89485-323-3 | |
| 540 | @a3ds max 9+photoshop cs2 夜景效果图经典案例解析 | |
| 606 | @a建筑设计 | |
| 690 | @aTU201.4@v4 | |
| 701 | 0 | @a吴蓉@9wu rong@4著 |
| 701 | 0 | @a袁紊玉@Ayuan wen yu@4著 |
| 801 | @aCN@c20091215 | |
| 901 | @a209906 | |
| 905 | @b921931-33@dTU201.4@eY910@f3 | |
| 3ds max 9+photoshop cs2 夜景效果图经典案例解析/袁紊玉等著.-北京:电子工业出版社,2007.7 |
| 322页;24cm |
| ISBN 978-7-121-04601-8:CNY39.00 |
| ● |
| 相关链接 |
|
|
|
正题名:3ds max 9+photoshop cs2 夜景效果图经典案
索取号:TU201.4/Y910
 
预约/预借
| 序号 | 登录号 | 条形码 | 馆藏地/架位号 | 状态 | 备注 |
| 1 | 921931 | 209219317 | 建筑库101/101建筑库 26排1列3层/ [索取号:TU201.4/Y910] | 在馆 | |
| 2 | 921932 | 209219326 | 建筑库101/101建筑库 36排3列5层/ [索取号:TU201.4/Y910] | 在馆 | |
| 3 | 921933 | 209219335 | 建筑库101/101建筑库 36排3列5层/ [索取号:TU201.4/Y910] | 在馆 |